Catálogo público

Conejos / (Record no. 109141)

MARC details
000 -CABECERA
campo de control de longitud fija 00879nam a2200301 a 4500
001 - NÚMERO DE CONTROL
campo de control 000112680
003 - IDENTIFICADOR DEL NÚMERO DE CONTROL
campo de control CHAP
005 - FECHA Y HORA DE LA ÚLTIMA TRANSACCIÓN
campo de control 20250322162306.0
008 - DATOS DE LONGITUD FIJA--INFORMACIÓN GENERAL
campo de control de longitud fija 160921s2010 mx a |r| ||||||spa d
010 ## - NÚMERO DE CONTROL DE LA BIBLIOTECA DEL CONGRESO
Número de control de LC 109141
011 ## - ENLACE DEL NUMERO DE CONTROL DE LA BIBLIOTECA DEL CONGRESO [OBSOLETO]
Número de control de LC 110113
020 ## - NÚMERO INTERNACIONAL ESTÁNDAR DEL LIBRO
Número Internacional Estándar del Libro 9786071704115
040 ## - FUENTE DE LA CATALOGACIÓN
Centro/agencia transcriptor CHAP
082 04 - NÚMERO DE LA CLASIFICACIÓN DECIMAL DEWEY
Número de clasificación 636.9
Número de documento/Ítem C34 2010
100 00 - ENTRADA PRINCIPAL--NOMBRE DE PERSONA
Nombre de persona Castellanos Echeverría, Fernán.
9 (RLIN) 19995
245 10 - MENCIÓN DE TÍTULO
Título Conejos /
Mención de responsabilidad, etc. por Fernán Castellanos Echeverría.
250 ## - MENCIÓN DE EDICIÓN
Mención de edición 4 ed.
260 ## - PUBLICACIÓN, DISTRIBUCIÓN, ETC.
Lugar de publicación, distribución, etc. México, D.F. :
Nombre del editor, distribuidor, etc. Trillas,
Fecha de publicación, distribución, etc. 2010.
300 ## - DESCRIPCIÓN FÍSICA
Extensión 119 p. :
Otras características físicas il.
490 ## - MENCIÓN DE SERIE
Mención de serie Manuales para educación agropecuaria. Producción animal
590 ## - NOTA LOCAL (RLIN)
Nota local E5765TAJ
Procedencia (VM) [OBSOLETO] 05
Condición del los carretes individuales (VM) [OBSOLETO] 20160921
-- UCH01
-- 0844
650 14 - PUNTO DE ACCESO ADICIONAL DE MATERIA--TÉRMINO DE MATERIA
Término de materia o nombre geográfico como elemento de entrada Conejos.
9 (RLIN) 26352
650 14 - PUNTO DE ACCESO ADICIONAL DE MATERIA--TÉRMINO DE MATERIA
Término de materia o nombre geográfico como elemento de entrada Cunicultura.
9 (RLIN) 30449
830 0# - PUNTO DE ACCESO ADICIONAL DE SERIE-TÍTULO UNIFORME
Título uniforme Manuales para educación agropecuaria. Área producción animal (Trillas)
9 (RLIN) 70694
901 ## - ELEMENTOS DE DATOS A LOCAL LDA (RLIN)
a BK
942 ## - ELEMENTOS DE PUNTO DE ACCESO ADICIONAL (KOHA)
Tipo de ítem Koha Libro
942 ## - ELEMENTOS DE PUNTO DE ACCESO ADICIONAL (KOHA)
Suprimir en OPAC 0
Holdings
Estado de retiro Estado de pérdida Fuente del sistema de clasificación o colocación Estado dañado Restricciones de uso No para préstamo Código de colección Localización permanente Ubicación/localización actual Ubicación en estantería Fecha de adquisición Información codificada de la localización en otra ubicación Total de préstamos Signatura topográfica completa Código de barras Fecha visto por última vez Fecha del último préstamo Número de copia Precio válido a partir de Tipo de ítem Koha
    Dewey Decimal Classification   Préstamo 15 días   General Biblioteca Central Biblioteca Central Planta principal - Colección General 09/04/2018 LIBRO 1 636.9 C34 2010 33724002547553 30/05/2022 18/05/2022 c.2 31/12/2019 Libro
    Dewey Decimal Classification   Préstamo 15 días   General Biblioteca Central Biblioteca Central Planta principal - Colección General 09/04/2018 LIBRO   636.9 C34 2010 33724002547983 31/12/2019     31/12/2019 Libro
    Dewey Decimal Classification   Préstamo 15 días   General Biblioteca Central Biblioteca Central Planta principal - Colección General 12/04/2023   1 636.9 C34 2010 33724002567900 26/04/2024 09/04/2024 c.3 12/04/2023 Libro
    Dewey Decimal Classification   Préstamo 15 días   General Biblioteca Central Biblioteca Central Planta principal - Colección General 12/04/2023   2 636.9 C34 2010 33724002567941 05/03/2024 23/02/2024 c.4 12/04/2023 Libro
    Dewey Decimal Classification   Préstamo 15 días   General Centro Regional San Luis Acatlán Centro Regional San Luis Acatlán   27/09/2016 LIBRO   636.9 C34 2010 02000000761 31/12/2019   c.2 27/09/2016 Libro
    Dewey Decimal Classification   Préstamo 15 días   General Centro Regional San Luis Acatlán Centro Regional San Luis Acatlán   27/09/2016 LIBRO   636.9 C34 2010 02000000762 31/12/2019   c.3 27/09/2016 Libro
    Dewey Decimal Classification   Préstamo 15 días   General Centro Regional San Luis Acatlán Centro Regional San Luis Acatlán   21/09/2016 LIBRO   636.9 C34 2010 02000000806 31/12/2019     21/09/2016 Libro
    Dewey Decimal Classification   Préstamo 15 días   General Centro Regional San Luis Acatlán Centro Regional San Luis Acatlán   06/06/2017 LIBRO   636.9 C34 2010 02000001001 31/12/2019   c.4 06/06/2017 Libro